[Event "Eschborn op"]
[Site "Eschborn"]
[Date "2019.08.18"]
[Round "4.44"]
[White "Czinkota, Michael"]
[Black "Mongi, Mario"]
[Result "1-0"]
[WhiteElo "1318"]
[BlackElo "1488"]
[PlyCount "32"]
[EventDate "2019.08.16"]
[EventType "swiss"]
[EventRounds "5"]
[EventCountry "GER"]
[SourceTitle "EXT 2024"]
[Source "ChessBase"]
[SourceDate "2023.10.10"]
[SourceVersion "1"]
[SourceVersionDate "2023.10.10"]
[SourceQuality "1"]

1. e4 c5 2. Nc3 g6 3. f4 Bg7 4. Nf3 d6 5. Bc4 Be6 6. Bxe6 fxe6 7. 0-0 Nf6 8. d3 Nc6 9. Qe1 Nd4 10. Qf2 Qd7 11. Nxd4 Nxe4 12. dxe4 Bxd4 13. Be3 Bg7 14. Rad1 b6 15. Qf3 0-0 16. Qh3 b5 1-0

[Event "Eschborn op"]
[Site "Eschborn"]
[Date "2019.08.16"]
[Round "1.26"]
[White "Mongi, Mario"]
[Black "Dreis, Volker"]
[Result "0-1"]
[WhiteElo "1488"]
[BlackElo "1902"]
[PlyCount "64"]
[EventDate "2019.08.16"]
[EventType "swiss"]
[EventRounds "5"]
[EventCountry "GER"]
[SourceTitle "EXT 2024"]
[Source "ChessBase"]
[SourceDate "2023.10.10"]
[SourceVersion "1"]
[SourceVersionDate "2023.10.10"]
[SourceQuality "1"]

1. c4 e5 2. g3 Nf6 3. Bg2 Nc6 4. Nc3 g6 5. Nf3 Bg7 6. d3 0-0 7. 0-0 d6 8. Bg5 h6 9. Bxf6 Bxf6 10. Nd2 Nd4 11. e3 Ne6 12. b4 c6 13. Nde4 Bg7 14. Rb1 f5 15. Nd2 f4 16. b5 Qc7 17. bxc6 bxc6 18. Nb5 Qd7 19. exf4 a6 20. Nc3 exf4 21. Nce4 d5 22. cxd5 cxd5 23. Qb3 dxe4 24. Nxe4 Ra7 25. Bh3 Kh8 26. Qb6 Rb7 27. Qxe6 Qxe6 28. Bxe6 Rxb1 29. Rxb1 Bxe6 30. Rb6 Bh3 31. gxf4 Rc8 32. Rb1 Bd4 0-1

[Event "Frankfurt-chA"]
[Site "Frankfurt"]
[Date "2019.06.17"]
[Round "7"]
[White "Mongi, Mario"]
[Black "Klikic, Drazen"]
[Result "1-0"]
[WhiteElo "1401"]
[BlackElo "1488"]
[PlyCount "83"]
[EventDate "2019.04.29"]
[EventType "swiss"]
[EventRounds "7"]
[EventCountry "GER"]
[SourceTitle "EXT 2020"]
[Source "ChessBase"]
[SourceDate "2019.10.17"]
[SourceVersion "1"]
[SourceVersionDate "2019.10.17"]
[SourceQuality "1"]

1. c4 Nf6 2. g3 g6 3. Bg2 Bg7 4. Nc3 Nc6 5. Rb1 e5 6. d3 d6 7. Bg5 h6 8. Bd2 0-0 9. Nf3 Be6 10. b4 a6 11. Qc1 Kh7 12. 0-0 Qd7 13. b5 axb5 14. cxb5 Ne7 15. a4 Bh3 16. Nh4 Bxg2 17. Nxg2 d5 18. a5 Qh3 19. f3 e4 20. dxe4 dxe4 21. Nf4 Qd7 22. Nxe4 Nxe4 23. fxe4 Qd4+ 24. e3 Qxe4 25. Rb4 Qe5 26. Nd3 Qd6 27. Nc5 Qd5 28. e4 Bd4+ 29. Rxd4 Qxd4+ 30. Be3 Qe5 31. Nd7 Qxb5 32. Nf6+ Kh8 33. Bd4 Ng8 34. Nxg8+ Kxg8 35. Qxh6 f6 36. Qxg6+ Kh8 37. Bxf6+ Rxf6 38. Qxf6+ Kg8 39. Qg6+ Kh8 40. Rf4 Qc5+ 41. Kg2 Qe7 42. Rf7 1-0

[Event "Hessen-chB"]
[Site "Frankfurt"]
[Date "2019.05.31"]
[Round "3"]
[White "Mongi, Mario"]
[Black "Muenstermann, Matthias"]
[Result "1/2-1/2"]
[WhiteElo "1547"]
[BlackElo "1783"]
[PlyCount "51"]
[EventDate "2019.05.30"]
[EventType "swiss"]
[EventRounds "7"]
[EventCountry "GER"]
[SourceTitle "EXT 2020"]
[Source "ChessBase"]
[SourceDate "2019.10.17"]
[SourceVersion "1"]
[SourceVersionDate "2019.10.17"]
[SourceQuality "1"]

1. c4 e5 2. g3 Nf6 3. Bg2 d5 4. cxd5 Nxd5 5. Nc3 Be6 6. Nf3 f6 7. 0-0 Bc5 8. Nxd5 Bxd5 9. b4 Bxb4 10. Qa4+ Nc6 11. Rb1 Bc5 12. Rxb7 Bb6 13. e4 0-0 14. exd5 Na5 15. Rxb6 axb6 16. Nh4 Nb7 17. Qb3 Nc5 18. Qb1 e4 19. Nf5 Qd7 20. Bh3 Qa4 21. d4 Nd3 22. Bh6 gxh6 23. f3 Qxa2 24. Qb5 Qa4 25. Qb1 Qa2 26. Qb5 1/2-1/2

[Event "Hessen-chB"]
[Site "Frankfurt"]
[Date "2018.05.10"]
[Round "2"]
[White "Mongi, Mario"]
[Black "Eckert, Michael"]
[Result "1-0"]
[WhiteElo "1518"]
[BlackElo "1649"]
[PlyCount "47"]
[EventDate "2018.05.10"]
[EventType "swiss"]
[EventRounds "7"]
[EventCountry "GER"]
[SourceTitle "EXT 2019"]
[Source "ChessBase"]
[SourceDate "2018.10.10"]
[SourceVersion "1"]
[SourceVersionDate "2018.10.10"]
[SourceQuality "1"]

1. c4 c5 2. g3 Nc6 3. Bg2 Nf6 4. Nc3 d6 5. e3 Bf5 6. d4 e6 7. Nge2 Be7 8. 0-0 0-0 9. a3 Qc7 10. e4 cxd4 11. Nb5 Qb6 12. exf5 exf5 13. Nexd4 a6 14. Nxc6 bxc6 15. Nd4 Rac8 16. Nxf5 Qc7 17. Bf4 Rcd8 18. c5 Qd7 19. cxd6 Qxf5 20. dxe7 Rxd1 21. exf8Q+ Kxf8 22. Raxd1 Nd5 23. Rfe1 g6 24. Bh6+ 1-0

[Event "Frankfurt-chB"]
[Site "Frankfurt"]
[Date "2017.05.22"]
[Round "5"]
[White "Giebitz, Walter"]
[Black "Mongi, Mario"]
[Result "0-1"]
[WhiteElo "1212"]
[BlackElo "1312"]
[PlyCount "50"]
[EventDate "2017.04.24"]
[EventType "swiss"]
[EventRounds "7"]
[EventCountry "GER"]
[SourceTitle "EXT 2018"]
[Source "ChessBase"]
[SourceDate "2017.10.13"]
[SourceVersion "1"]
[SourceVersionDate "2017.10.13"]
[SourceQuality "1"]

1. e4 c5 2. Nf3 Nc6 3. Bc4 Nf6 4. Nc3 Qc7 5. 0-0 a6 6. a3 g6 7. d3 Bg7 8. Be3 0-0 9. Bxc5 d6 10. Be3 Bg4 11. h3 Bxf3 12. Qxf3 Ne5 13. Qe2 Nxc4 14. dxc4 Rfc8 15. b3 b5 16. Bg5 bxc4 17. Bxf6 exf6 18. Nd5 Qa7 19. bxc4 f5 20. Rab1 Re8 21. Kh1 Rxe4 22. Qd3 Qc5 23. Nb6 Rae8 24. Qd5 Qxa3 25. Qxd6 Qxd6 0-1

[Event "Frankfurt-chB"]
[Site "Frankfurt"]
[Date "2015.05.04"]
[Round "2"]
[White "Mongi, Mario"]
[Black "Koller, Wolfgang"]
[Result "1-0"]
[WhiteElo "1263"]
[BlackElo "1422"]
[PlyCount "77"]
[EventDate "2015.04.27"]
[EventType "swiss"]
[EventRounds "7"]
[EventCountry "GER"]
[SourceTitle "EXT 2016"]
[Source "ChessBase"]
[SourceDate "2015.10.08"]
[SourceVersion "1"]
[SourceVersionDate "2015.10.08"]
[SourceQuality "1"]

1. c4 b6 2. g3 Bb7 3. Nf3 e5 4. d3 Nc6 5. Bg2 d6 6. 0-0 Nf6 7. Nc3 Be7 8. a3 0-0 9. Bg5 h6 10. Bd2 Rb8 11. Nh4 Nd4 12. b4 Bxg2 13. Nxg2 d5 14. b5 c5 15. Ne3 dxc4 16. dxc4 Rb7 17. Ned5 Rd7 18. e3 Ne6 19. a4 Nc7 20. e4 Nfxd5 21. exd5 Bd6 22. Ne4 f5 23. Nxd6 Rxd6 24. Qb3 Ne8 25. Rfe1 e4 26. a5 Nf6 27. axb6 axb6 28. Ra7 Nd7 29. Bf4 Rdf6 30. Rea1 Qe7 31. Rb7 g5 32. Bc7 f4 33. Raa7 fxg3 34. Bxg3 Rf3 35. Qb2 e3 36. Rxd7 exf2+ 37. Bxf2 Qf6 38. Rg7+ Kh8 39. Rh7+ 1-0

[Event "Frankfurt-chA"]
[Site "Frankfurt"]
[Date "2013.06.10"]
[Round "6"]
[White "Popp, Matthias"]
[Black "Mongi, Mario"]
[Result "1-0"]
[WhiteElo "1514"]
[BlackElo "1354"]
[PlyCount "65"]
[EventDate "2013.04.29"]
[EventType "swiss"]
[EventRounds "7"]
[EventCountry "GER"]
[SourceTitle "EXT 2014"]
[Source "ChessBase"]
[SourceDate "2013.11.20"]
[SourceVersion "1"]
[SourceVersionDate "2013.11.20"]
[SourceQuality "1"]

1. Nf3 f5 2. d4 Nf6 3. Bf4 d6 4. e3 Nc6 5. c3 e6 6. Nbd2 Be7 7. Bc4 0-0 8. Ng5 d5 9. Bb3 Ne4 10. Ngxe4 fxe4 11. Qe2 Na5 12. Bc2 c5 13. 0-0 c4 14. f3 b5 15. fxe4 Bg5 16. exd5 Bxf4 17. Rxf4 Rxf4 18. exf4 exd5 19. Qh5 g6 20. Qg5 Qxg5 21. fxg5 Bf5 22. Bxf5 gxf5 23. Re1 Nc6 24. Nf3 b4 25. Ne5 Re8 26. Kf2 bxc3 27. bxc3 Nxe5 28. Rxe5 Rxe5 29. dxe5 Kf7 30. Ke3 Ke6 31. Kd4 f4 32. h4 a6 33. a3 1-0

[Event "Frankfurt-chB"]
[Site "Frankfurt"]
[Date "2012.06.18"]
[Round "7"]
[White "Mongi, Mario"]
[Black "Lopez, Victor"]
[Result "0-1"]
[WhiteElo "1343"]
[BlackElo "1778"]
[PlyCount "48"]
[EventDate "2012.04.30"]
[EventType "swiss"]
[EventRounds "7"]
[EventCountry "GER"]
[SourceTitle "EXT 2013"]
[Source "ChessBase"]
[SourceDate "2012.11.22"]
[SourceVersion "1"]
[SourceVersionDate "2012.11.22"]
[SourceQuality "1"]

1. c4 c5 2. g3 g6 3. Bg2 Nc6 4. Nc3 Bg7 5. e3 Nf6 6. Nge2 0-0 7. a3 e6 8. 0-0 d5 9. Rb1 Rb8 10. cxd5 exd5 11. Nf4 d4 12. Na4 c4 13. b3 Bf5 14. d3 cxd3 15. Nxd3 dxe3 16. Bxc6 Bxd3 17. Bxe3 bxc6 18. Bxa7 Ra8 19. Bc5 Re8 20. Bb6 Qd5 21. Nc3 Qf5 22. Bd4 Bxb1 23. Nxb1 Rad8 24. a4 c5 0-1

[Event "Frankfurt-chB"]
[Site "Frankfurt"]
[Date "2012.05.14"]
[Round "3"]
[White "Mongi, Mario"]
[Black "Lessmann, Sven"]
[Result "1/2-1/2"]
[WhiteElo "1343"]
[BlackElo "1320"]
[PlyCount "79"]
[EventDate "2012.04.30"]
[EventType "swiss"]
[EventRounds "7"]
[EventCountry "GER"]
[SourceTitle "EXT 2013"]
[Source "ChessBase"]
[SourceDate "2012.11.22"]
[SourceVersion "1"]
[SourceVersionDate "2012.11.22"]
[SourceQuality "1"]

1. d4 d6 2. c4 Nf6 3. Nc3 g6 4. e4 Bg7 5. Bd3 0-0 6. Be3 e5 7. d5 b6 8. f3 Bb7 9. h4 c6 10. g4 cxd5 11. exd5 Nbd7 12. Ne4 Nxe4 13. Bxe4 Nf6 14. Qd2 Nxe4 15. fxe4 Qd7 16. Qg2 Bc8 17. g5 Qg4 18. Qxg4 Bxg4 19. Kd2 f5 20. Rf1 fxe4 21. Ne2 Rf3 22. Rhg1 Bh3 23. Rxf3 exf3 24. Rg3 Bg2 25. Ng1 Rf8 26. Bf2 e4 27. b3 Be5 28. Rg4 Bf4+ 29. Rxf4 Rxf4 30. Ke3 Rg4 31. b4 Bf1 32. c5 bxc5 33. bxc5 dxc5 34. Kd2 Bc4 35. Bxc5 Bxd5 36. Bxa7 Bxa2 37. Bf2 Kg7 38. Ke3 h6 39. Nh3 hxg5 40. hxg5 1/2-1/2

[Event "Rhein Main op-B 14th"]
[Site "Bad Homburg"]
[Date "2011.06.26"]
[Round "7"]
[White "Kock, Wolfgang"]
[Black "Mongi, Mario"]
[Result "1-0"]
[WhiteElo "1446"]
[BlackElo "1308"]
[PlyCount "33"]
[EventDate "2011.06.22"]
[EventType "swiss"]
[EventRounds "7"]
[EventCountry "GER"]
[SourceTitle "EXT 2012"]
[Source "ChessBase"]
[SourceDate "2011.11.24"]
[SourceVersion "1"]
[SourceVersionDate "2011.11.24"]
[SourceQuality "1"]

1. e4 c5 2. c3 Nf6 3. e5 Nd5 4. d4 e6 5. Nf3 d6 6. dxc5 dxe5 7. Nxe5 Qa5 8. a3 Bxc5 9. Qf3 Qc7 10. Bb5+ Nc6 11. Nxc6 bxc6 12. Bc4 Qe5+ 13. Qe2 Qf6 14. Bxd5 cxd5 15. 0-0 e5 16. Re1 e4 17. Qb5+ 1-0

[Event "Rhein Main op-B 14th"]
[Site "Bad Homburg"]
[Date "2011.06.23"]
[Round "3"]
[White "Blank, Martina"]
[Black "Mongi, Mario"]
[Result "0-1"]
[WhiteElo "802"]
[BlackElo "1308"]
[PlyCount "36"]
[EventDate "2011.06.22"]
[EventType "swiss"]
[EventRounds "7"]
[EventCountry "GER"]
[SourceTitle "EXT 2012"]
[Source "ChessBase"]
[SourceDate "2011.11.24"]
[SourceVersion "1"]
[SourceVersionDate "2011.11.24"]
[SourceQuality "1"]

1. e4 c5 2. Nf3 Nc6 3. d4 cxd4 4. Nxd4 Nf6 5. Nc3 e5 6. Nf3 Bb4 7. Bd2 Bxc3 8. Bxc3 Nxe4 9. Bxe5 Nxe5 10. Nxe5 Qa5+ 11. c3 Qxe5 12. Qe2 d6 13. 0-0-0 0-0 14. g3 Be6 15. f4 Qf5 16. Bg2 d5 17. g4 Qxf4+ 18. Kc2 Nf2 0-1